<?xml version="1.0" encoding="UTF-8"?>
<record
    xmlns:xsi="http://www.w3.org/2001/XMLSchema-instance"
    xsi:schemaLocation="http://www.loc.gov/MARC21/slim http://www.loc.gov/standards/marcxml/schema/MARC21slim.xsd"
    xmlns="http://www.loc.gov/MARC21/slim">

  <leader>00381    a2200109   4500</leader>
  <controlfield tag="001">ART_39676</controlfield>
  <controlfield tag="005">20260410162012.0</controlfield>
  <controlfield tag="008">260409a                                 </controlfield>
  <datafield tag="245" ind1="1" ind2="0">
    <subfield code="a">Espacio p&#xFA;blico e interacci&#xF3;n entre j&#xF3;venes a nivel local</subfield>
  </datafield>
  <datafield tag="100" ind1="1" ind2=" ">
    <subfield code="a">Gojzman, Diego</subfield>
  </datafield>
  <datafield tag="773" ind1="0" ind2=" ">
    <subfield code="t">Propuestas para la sociedad, el gobierno y la producci&#xF3;n</subfield>
    <subfield code="g">- A&#xF1;o 9, N&#xBA; 13 (mayo 2006)</subfield>
    <subfield code="w">REV39547</subfield>
  </datafield>
  <datafield tag="999" ind1=" " ind2=" ">
    <subfield code="c">32304</subfield>
    <subfield code="d">32304</subfield>
  </datafield>
</record>
